| 000 | 00937cab a2200265 4500 | ||
|---|---|---|---|
| 001 | ABS46121 | ||
| 008 | 090401t1992 xxu||||| |||| 00| 0 eng d | ||
| 035 | _a(Sirsi) u56894 | ||
| 041 | _aeng | ||
| 100 | _aWebster, P. | ||
| 245 | 3 | _aAn outline of French decennial property insurance: a legal blueprint for Europe? | |
| 260 | _c1992 | ||
| 350 | _a0 | ||
| 490 |
_aJournal of Property Finance _v2 (4) Spring 1992, 492-496(5) |
||
| 520 | _aA broad overview of the French decennial property insurance system which provides statutory compulsory dual decennial insurance against damage and liability. Suggests that the French system may be taken as a model for an EC directive. | ||
| 650 | _aDAMAGE INSURANCE | ||
| 650 | _aDECENNIAL INSURANCE | ||
| 650 | _aEC DIRECTIVES | ||
| 650 | _aFRANCE | ||
| 650 | _aLIABILITY INSURANCE | ||
| 690 |
_aInsurance _96249 |
||
| 690 | _aOVERSEAS-EUROPE | ||
| 942 | _n0 | ||
| 948 | _c04/03/1997 | ||
| 999 |
_c34718 _d34718 |
||